000 01233njm a22003017a 4500
005 20100915154745.0
006 a|||||r|||||00| 0
007 sd ammalaaahaa
008 100915t xxu||||| |||| 00| 0 eng d
028 _a7EPE.7328
_bHis master's Voice
035 _aGR-02764
040 _aSED
_cSED
100 _917455
_aMangeshkar, Usha
245 _aJai ambe maa /
_csung by Usha Mangeshkar [and] Vani Jairam; music by S.N. Tripathi; lyric by Bharat Vyas
_h[sound recording] :
246 _aजय आंबे माँ /
260 _aDum Dum, India
_bHis Master's Voice
_c1976
300 _a1 sound disc [Gramophone Recording]:
_banalog, 45 rpm
_c7 in. (SP)
_fGramophone Record
500 _aBrief Record
500 _aRecord labels :His Master's Voice,Red
505 _aSide-1 जय हे आंबे माँ (Jai he ambe maa) (Usha Mangeshkar) -- Side-2 जोगी रे (Jogi re) (Vani Jairam)
600 _aMangeshkar, Usha
_920233
650 _aFilm songs
_zIndia
_91186
_xExcerpts
700 _aJairam, Vani
_920234
700 _aTripathi, S.N.
_920235
700 _aVyas, Bharat
_920236
942 _2ddc
_cGR
999 _c46031
_d46031